000 00811cam a2200265 a 4500
001 8540
003 BD-RjUL
005 20211208234616.0
008 140118s1983 maua b 001 0 eng
020 _a0201077655
035 _a(BD-RjUL)8585
040 _aDLC
_cDLC
_dDLC
_dBD-RjUL
_beng
041 _aeng
082 0 0 _a364.973
_219
_bSAC 1983
100 1 _aSanders, William B.,
_d1944-
_926585
245 1 0 _aCriminology /
_cWilliam B. Sanders.
260 _aReading, Mass. :
_bAddison-Wesley Pub.,
_cc1983.
300 _axvii, 486 p. :
_bill. ;
_c24 cm.
504 _aIncludes bibliographical references and index.
650 0 _aCrime
_zUnited States.
_916241
650 0 _aCriminal justice, Administration of
_zUnited States.
_926586
942 _2ddc
_cBK
999 _c8540
_d8540